Pays à partir d’un plat typique - Statistiques

Statistiques générales
  • Ce quiz a été pris 61 fois
    5 depuis la dernière actualisation
  • Le résultat moyen est 18 sur 25
Statistiques - réponses
Plat Réponse % Correct
Couscous Algérie/Maroc/Mauritanie/Tunisie/Libye
100%
Feijoada Brésil
100%
Poutine Canada
100%
Kimchi Corée
100%
Paella Espagne
100%
Bœuf Bourguignon France
100%
Moussaka Grèce
100%
Sushi Japon
100%
Tacos Mexique
100%
Fish and Chips Royaume-Uni
100%
Fondue Suisse
100%
Pad Thaï Thaïlande
100%
Corn dog USA
100%
Pho Vietnam
100%
Dim Sum Chine
75%
Goulash Hongrie
75%
Salade César Italie
75%
Meat pie Australie
50%
Biryani Inde
50%
Ceviche Perou
50%
Pavlova Nouvelle Zélande
25%
Bobotie Afrique du Sud
0%
Khachapuri Géorgie
0%
Hákarl Islande
0%
Pelmeni Russie
0%
Aucun quiz correspondant
Distribution des résultats
% des personnes avec chaque résultat
Percentile par nombre de réponses
Votre historique - résultats
Vous n’avez pas pris ce quiz depuis la dernière actualisation